<?xml version="1.0" encoding="UTF-8"?>
<resp>
  <nextPage>https://data.bn.org.pl/api/networks/bibs.marcxml?marc=001+b1000002841178&amp;sinceId=1000002841179</nextPage>
  <collection>
    <record xmlns='http://www.loc.gov/MARC21/slim'><leader>05092nam a2201249 i 4500</leader><controlfield tag='001'>b1000002841178</controlfield><controlfield tag='005'>20260514090522.3</controlfield><controlfield tag='006'>jhynn             </controlfield><controlfield tag='008'>230206s2022    pl abcg      |001 0 pol c</controlfield><controlfield tag='009'>9913166277505606</controlfield><datafield ind1=' ' ind2=' ' tag='015'><subfield code='a'>UWD 2023/4936</subfield></datafield><datafield ind1=' ' ind2=' ' tag='020'><subfield code='a'>9788367253567</subfield><subfield code='q'>(oprawa twarda)</subfield></datafield><datafield ind1=' ' ind2=' ' tag='035'><subfield code='a'>(PL)b1000002841178</subfield></datafield><datafield ind1=' ' ind2=' ' tag='040'><subfield code='a'>WA N</subfield><subfield code='c'>WA N</subfield><subfield code='d'>WA N</subfield><subfield code='d'>KIEL W</subfield><subfield code='d'>LUBL KUL</subfield><subfield code='d'>KR U</subfield><subfield code='d'>WA N</subfield><subfield code='d'>KR U</subfield><subfield code='d'>WA N</subfield><subfield code='d'>KR U</subfield></datafield><datafield ind1='2' ind2=' ' tag='045'><subfield code='b'>d1797</subfield><subfield code='b'>d1948</subfield></datafield><datafield ind1=' ' ind2=' ' tag='046'><subfield code='k'>2022</subfield></datafield><datafield ind1=' ' ind2=' ' tag='080'><subfield code='8'>1.1\x</subfield><subfield code='a'>784.71(438)</subfield></datafield><datafield ind1=' ' ind2=' ' tag='080'><subfield code='8'>1.2\x</subfield><subfield code='a'>821.162.1(091)-192&quot;17&quot;</subfield></datafield><datafield ind1=' ' ind2=' ' tag='084'><subfield code='a'>02</subfield></datafield><datafield ind1='0' ind2='0' tag='245'><subfield code='a'>Mazurek Dąbrowskiego :</subfield><subfield code='b'>obrazy, słowa, nuty /</subfield><subfield code='c'>pod redakcją Janusza Górskiego.</subfield></datafield><datafield ind1=' ' ind2=' ' tag='250'><subfield code='a'>Wydanie pierwsze.</subfield></datafield><datafield ind1=' ' ind2=' ' tag='260'><subfield code='a'>Warszawa :</subfield><subfield code='b'>Instytut De Republica,</subfield><subfield code='c'>2022.</subfield></datafield><datafield ind1=' ' ind2=' ' tag='300'><subfield code='a'>222, [2] strony :</subfield><subfield code='b'>faksymilia, fotografie, ilustracje, mapy, nuty, portrety ;</subfield><subfield code='c'>33 cm +</subfield><subfield code='e'>1 CD.</subfield></datafield><datafield ind1=' ' ind2=' ' tag='336'><subfield code='a'>Nagranie muzyczne</subfield><subfield code='b'>prm</subfield><subfield code='2'>rdacontent</subfield></datafield><datafield ind1=' ' ind2=' ' tag='336'><subfield code='a'>Obraz</subfield><subfield code='b'>sti</subfield><subfield code='2'>rdacontent</subfield></datafield><datafield ind1=' ' ind2=' ' tag='336'><subfield code='a'>Tekst</subfield><subfield code='b'>txt</subfield><subfield code='2'>rdacontent</subfield></datafield><datafield ind1=' ' ind2=' ' tag='337'><subfield code='a'>Audio</subfield><subfield code='b'>s</subfield><subfield code='2'>rdamedia</subfield></datafield><datafield ind1=' ' ind2=' ' tag='337'><subfield code='a'>Bez urządzenia pośredniczącego</subfield><subfield code='b'>n</subfield><subfield code='2'>rdamedia</subfield></datafield><datafield ind1=' ' ind2=' ' tag='338'><subfield code='a'>Płyta audio</subfield><subfield code='b'>sd</subfield><subfield code='2'>rdacarrier</subfield></datafield><datafield ind1=' ' ind2=' ' tag='338'><subfield code='a'>Wolumin</subfield><subfield code='b'>nc</subfield><subfield code='2'>rdacarrier</subfield></datafield><datafield ind1=' ' ind2=' ' tag='380'><subfield code='a'>Książki</subfield></datafield><datafield ind1=' ' ind2=' ' tag='380'><subfield code='a'>Publikacje popularnonaukowe</subfield></datafield><datafield ind1='1' ind2=' ' tag='388'><subfield code='a'>2001-</subfield></datafield><datafield ind1=' ' ind2=' ' tag='500'><subfield code='a'>Płyta CD zawiera nagrania hymnu.</subfield></datafield><datafield ind1=' ' ind2=' ' tag='504'><subfield code='a'>Bibliografie przy rozdziałach. Indeks.</subfield></datafield><datafield ind1='1' ind2='7' tag='600'><subfield code='a'>Wybicki, Józef</subfield><subfield code='d'>(1747-1822).</subfield><subfield code='t'>Mazurek Dąbrowskiego</subfield><subfield code='2'>DBN</subfield></datafield><datafield ind1='0' ind2='7' tag='630'><subfield code='a'>Mazurek Dąbrowskiego</subfield><subfield code='2'>DBN</subfield></datafield><datafield ind1=' ' ind2='7' tag='648'><subfield code='a'>1701-1800</subfield><subfield code='2'>DBN</subfield></datafield><datafield ind1=' ' ind2='7' tag='648'><subfield code='a'>1801-1900</subfield><subfield code='2'>DBN</subfield></datafield><datafield ind1=' ' ind2='7' tag='648'><subfield code='a'>1901-2000</subfield><subfield code='2'>DBN</subfield></datafield><datafield ind1=' ' ind2='7' tag='650'><subfield code='a'>Hymn narodowy</subfield><subfield code='2'>DBN</subfield></datafield><datafield ind1=' ' ind2='7' tag='650'><subfield code='a'>Literatura polska</subfield><subfield code='2'>DBN</subfield></datafield><datafield ind1=' ' ind2='7' tag='650'><subfield code='a'>Muzyka polska</subfield><subfield code='2'>DBN</subfield></datafield><datafield ind1=' ' ind2='7' tag='651'><subfield code='a'>Polska</subfield><subfield code='2'>DBN</subfield></datafield><datafield ind1=' ' ind2='7' tag='655'><subfield code='a'>Publikacja bogato ilustrowana</subfield><subfield code='2'>DBN</subfield></datafield><datafield ind1=' ' ind2='7' tag='655'><subfield code='a'>Opracowanie</subfield><subfield code='2'>DBN</subfield></datafield><datafield ind1=' ' ind2=' ' tag='658'><subfield code='a'>Literaturoznawstwo</subfield></datafield><datafield ind1=' ' ind2=' ' tag='658'><subfield code='a'>Kultura i sztuka</subfield></datafield><datafield ind1=' ' ind2=' ' tag='658'><subfield code='a'>Historia</subfield></datafield><datafield ind1='1' ind2=' ' tag='700'><subfield code='a'>Górski, Janusz</subfield><subfield code='d'>(1953- )</subfield><subfield code='e'>Redakcja</subfield></datafield><datafield ind1='2' ind2=' ' tag='710'><subfield code='a'>Instytut De Republica</subfield><subfield code='e'>Wydawca</subfield><subfield code='4'>pbl</subfield></datafield><datafield ind1=' ' ind2=' ' tag='852'><subfield code='8'>2274336910007663</subfield><subfield code='j'>1</subfield><subfield code='h'>919.777 płyta CD</subfield><subfield code='b'>ZNO-SZEW</subfield><subfield code='p'>1100158694</subfield><subfield code='c'>10000</subfield><subfield code='z'>Płyta CD dołączona do książki</subfield></datafield><datafield ind1=' ' ind2=' ' tag='852'><subfield code='8'>22607831830005067</subfield><subfield code='j'>1</subfield><subfield code='h'>B 897696 III</subfield><subfield code='b'>BJ</subfield><subfield code='p'>1003170905</subfield><subfield code='c'>BJ_MAG</subfield><subfield code='z'>Zawiera CD</subfield></datafield><datafield ind1=' ' ind2=' ' tag='852'><subfield code='8'>22775591590008415</subfield><subfield code='j'>1</subfield><subfield code='b'>KP</subfield><subfield code='p'>000036166930</subfield><subfield code='c'>MUZCZ</subfield><subfield code='z'>78(091)(438)źródła</subfield></datafield><datafield ind1=' ' ind2=' ' tag='852'><subfield code='8'>22103358630005068</subfield><subfield code='j'>1</subfield><subfield code='h'>78 Maz C</subfield><subfield code='b'>WBP-KIELCE</subfield><subfield code='p'>486945</subfield><subfield code='c'>CZYTO</subfield></datafield><datafield ind1=' ' ind2=' ' tag='852'><subfield code='b'>48OMNIS_BPW</subfield><subfield code='8'>991053558404408207</subfield></datafield><datafield ind1=' ' ind2=' ' tag='852'><subfield code='8'>2274336940007663</subfield><subfield code='j'>1</subfield><subfield code='h'>919.777</subfield><subfield code='b'>ZNO-SZEW</subfield><subfield code='p'>1100158693</subfield><subfield code='c'>10000</subfield></datafield><datafield ind1=' ' ind2=' ' tag='852'><subfield code='8'>22380064190006831</subfield><subfield code='j'>1</subfield><subfield code='h'>108613 III</subfield><subfield code='b'>BuKul</subfield><subfield code='p'>1001173589</subfield><subfield code='c'>BG_Magazyn</subfield></datafield><datafield ind1=' ' ind2=' ' tag='852'><subfield code='8'>22817191810008206</subfield><subfield code='j'>1</subfield><subfield code='b'>UOP</subfield><subfield code='p'>661482</subfield><subfield code='c'>MAG01</subfield></datafield><datafield ind1=' ' ind2=' ' tag='852'><subfield code='b'>48OMNIS_ZNO</subfield><subfield code='8'>991003824912307663</subfield></datafield><datafield ind1=' ' ind2=' ' tag='852'><subfield code='8'>221069916790008831</subfield><subfield code='j'>1</subfield><subfield code='b'>5100-BUW</subfield><subfield code='p'>1001361594</subfield><subfield code='c'>10000</subfield><subfield code='z'>+ CD ## rok wyd. : 2022.</subfield></datafield><datafield ind1=' ' ind2=' ' tag='852'><subfield code='8'>22607831860005067</subfield><subfield code='j'>1</subfield><subfield code='h'>1.053.956 III A</subfield><subfield code='b'>BJ</subfield><subfield code='p'>1003170904</subfield><subfield code='c'>BJ_EGZ_A</subfield><subfield code='z'>Zawiara CD</subfield></datafield><datafield ind1=' ' ind2=' ' tag='852'><subfield code='8'>22815435340008207</subfield><subfield code='j'>1</subfield><subfield code='h'>Szt.784/17 [sala]</subfield><subfield code='b'>BPW_K</subfield><subfield code='p'>BPW00431338</subfield><subfield code='c'>SZTK</subfield></datafield><datafield ind1=' ' ind2=' ' tag='852'><subfield code='8'>22718226950005066</subfield><subfield code='j'>1</subfield><subfield code='h'>3.589.181</subfield><subfield code='b'>BN_PL</subfield><subfield code='p'>30001031945385</subfield><subfield code='c'>bk8</subfield></datafield><datafield ind1=' ' ind2=' ' tag='852'><subfield code='8'>22725211110005066</subfield><subfield code='j'>1</subfield><subfield code='h'>Fon.I.138.640 A</subfield><subfield code='b'>BN_PL</subfield><subfield code='p'>888a1362492</subfield><subfield code='c'>bnag_a</subfield></datafield><datafield ind1=' ' ind2=' ' tag='852'><subfield code='8'>2249733770007665</subfield><subfield code='j'>1</subfield><subfield code='b'>48WBPOMUZ</subfield><subfield code='p'>092-006372</subfield><subfield code='c'>MUZWYP</subfield></datafield><datafield ind1=' ' ind2=' ' tag='852'><subfield code='8'>2258716860005069</subfield><subfield code='j'>1</subfield><subfield code='h'>541724 III+CD</subfield><subfield code='b'>LUBL_M</subfield><subfield code='p'>1001045601</subfield><subfield code='c'>10000</subfield><subfield code='z'>1 dysk CD ROM ; oprawa twarda</subfield></datafield><datafield ind1=' ' ind2=' ' tag='852'><subfield code='b'>48OMNIS_NETWORK</subfield><subfield code='8'>9913166277505606</subfield></datafield><datafield ind1=' ' ind2=' ' tag='852'><subfield code='b'>48OMNIS_UMCS</subfield><subfield code='8'>991008997628207661</subfield></datafield><datafield ind1=' ' ind2=' ' tag='852'><subfield code='8'>2249733770007665</subfield><subfield code='j'>1</subfield><subfield code='b'>48WBPOMUZ</subfield><subfield code='p'>090-007147</subfield><subfield code='c'>MUZWYP</subfield></datafield><datafield ind1=' ' ind2=' ' tag='852'><subfield code='b'>48OMNIS_NLOP</subfield><subfield code='8'>991053062448005066</subfield></datafield><datafield ind1=' ' ind2=' ' tag='852'><subfield code='b'>48OMNIS_KUL</subfield><subfield code='8'>991008950357006831</subfield></datafield><datafield ind1=' ' ind2=' ' tag='852'><subfield code='b'>48OMNIS_KPS</subfield><subfield code='8'>990009259390208415</subfield></datafield><datafield ind1=' ' ind2=' ' tag='852'><subfield code='8'>221069916790008831</subfield><subfield code='j'>1</subfield><subfield code='b'>5100-BUW</subfield><subfield code='p'>1200008711</subfield><subfield code='c'>10000</subfield><subfield code='z'> ## rok wyd. : 2022.</subfield></datafield><datafield ind1=' ' ind2=' ' tag='852'><subfield code='b'>48OMNIS_UOP</subfield><subfield code='8'>990009091550108206</subfield></datafield><datafield ind1=' ' ind2=' ' tag='852'><subfield code='b'>48OMNIS_UMKWT</subfield><subfield code='8'>991017080342206926</subfield></datafield><datafield ind1=' ' ind2=' ' tag='852'><subfield code='b'>48OMNIS_UJA</subfield><subfield code='8'>991016843904405067</subfield></datafield><datafield ind1=' ' ind2=' ' tag='852'><subfield code='b'>48OMNIS_UOW</subfield><subfield code='8'>991017589479708831</subfield></datafield><datafield ind1=' ' ind2=' ' tag='852'><subfield code='b'>48OMNIS_WBPO</subfield><subfield code='8'>991007857937407665</subfield></datafield><datafield ind1=' ' ind2=' ' tag='852'><subfield code='b'>48OMNIS_MPL</subfield><subfield code='8'>991002617392105069</subfield></datafield><datafield ind1=' ' ind2=' ' tag='852'><subfield code='b'>48OMNIS_RPL</subfield><subfield code='8'>991003747196105068</subfield></datafield><datafield ind1=' ' ind2=' ' tag='852'><subfield code='b'>48FAR_UGD</subfield><subfield code='8'>991004834049708343</subfield></datafield><datafield ind1=' ' ind2=' ' tag='852'><subfield code='8'>22159685570007661</subfield><subfield code='j'>0</subfield><subfield code='b'>10000</subfield><subfield code='p'>1011343859</subfield><subfield code='c'>U_BGmag</subfield></datafield><datafield ind1=' ' ind2=' ' tag='852'><subfield code='8'>22432424390006926</subfield><subfield code='j'>1</subfield><subfield code='h'>8 - 1489055</subfield><subfield code='b'>TORU</subfield><subfield code='p'>300052590341</subfield><subfield code='c'>MU_REF_bg</subfield></datafield><datafield ind1=' ' ind2=' ' tag='852'><subfield code='8'>22718226980005066</subfield><subfield code='j'>1</subfield><subfield code='h'>3.230.795 A</subfield><subfield code='b'>BN_PL</subfield><subfield code='p'>30001031945378</subfield><subfield code='c'>bk1</subfield></datafield><datafield ind1=' ' ind2=' ' tag='852'><subfield code='8'>22832645240008343</subfield><subfield code='j'>1</subfield><subfield code='b'>BG</subfield><subfield code='p'>1101377502</subfield><subfield code='c'>90000</subfield></datafield><datafield ind1=' ' ind2=' ' tag='852'><subfield code='8'>22725211050005066</subfield><subfield code='j'>1</subfield><subfield code='h'>Fon.I.138.641</subfield><subfield code='b'>BN_PL</subfield><subfield code='p'>888a1362494</subfield><subfield code='c'>bnag</subfield></datafield><datafield ind1=' ' ind2=' ' tag='920'><subfield code='a'>978-83-67253-56-7 (oprawa twarda)</subfield></datafield></record>
  </collection>
</resp>
